Countries hidden in the Periodic Table Quiz Stats

 Plays Quiz not verified by Sporcle

Score 0/20 Timer 08:00
0 Plays Today
% Correct
Laos
74.1%
Monaco
72.8%
Kosovo
71%
Netherlands
69.8%
Philippines
69.1%
Cyprus
69.1%
Poland
69.1%
Cuba
66%
Bhutan
64.2%
Palau
62.3%
% Correct
Iceland
61.1%
Argentina
59.9%
Kiribati
58%
Bahamas
57.4%
Nepal
56.8%
Bahrain
56.8%
Singapore
56.8%
USA
56.2%
Honduras
54.3%
Nauru
48.8%

You're not logged in!

Compare scores with friends on all Sporcle quizzes.
OR
Log In

Show Comments

Extras

Top Quizzes Today


Score Distribution

Your Account Isn't Verified!

In order to create a playlist on Sporcle, you need to verify the email address you used during registration. Go to your Sporcle Settings to finish the process.

Report this User

Report this user for behavior that violates our Community Guidelines.

Details: